Sabrina Carpenter - Chansons en emojis #4 - Statistiques

Statistiques générales
  • Ce quiz a été pris 23 fois
  • Le résultat moyen est 4 sur 10
Statistiques - réponses
Emojis Chansons % Correct
1️⃣5️⃣⌚️ 15 Minutes
94%
🚬&🔥 Smoke and Fire
56%
👩🏼‍💻💼👩🏼 Busy Woman
50%
🤏❤️ Almost Love
39%
⬇️🛌 In My Bed
33%
🏳️ White Flag
33%
✌️👶🏻❤️❤️ Two Young Hearts
28%
🙋🏼‍♀️❌🛑🙋🏼‍♀️ I Can't Stop Me
22%
❌🗣️ No Words
22%
🏜️💭 Mirage
17%
Aucun quiz correspondant
Distribution des résultats
% des personnes avec chaque résultat
Percentile par nombre de réponses
Votre historique - résultats
Vous n’avez pas pris ce quiz